| 000 | 00495nam a2200205Ia 4500 | ||
|---|---|---|---|
| 008 | 170918s9999 xx 000 0 und d | ||
| 020 | _a9780516253152 | ||
| 050 | _bS477 2005 | ||
| 100 | _aSenior, Kathryn | ||
| 245 | _aLife in a rain forest / | ||
| 245 | _cby Katheryn Senior. | ||
| 260 | _aNew York : | ||
| 260 | _bChildren's Press, | ||
| 260 | _c2005 | ||
| 300 | _a32 pages : | ||
| 300 | _bcolored illustration ; | ||
| 300 | _c25cm. | ||
| 440 | _aWhat on earth? | ||
| 500 | _a890 | ||
| 999 |
_c342745 _d342745 |
||